[Event "FIDE World Blitz-ch Women 2018"]
[Site "St. Petersburg"]
[Date "2018.12.30"]
[Round "12.37"]
[White "Gritsayeva, Oksana"]
[Black "Atalik, Ekaterina"]
[Result "1/2-1/2"]
[WhiteElo "2378"]
[BlackElo "2447"]
[Annotator "NA"]
[PlyCount "166"]
[EventDate "2018.12.19"]
[EventType "swiss"]
[EventCountry "RUS"]
[SourceTitle "playchess.com"]
[Source "ChessBase"]
[SourceQuality "1"]

1. e4 c6 2. Nc3 d5 3. Nf3 Bg4 4. Be2 e6 5. Ne5 Bxe2 6. Qxe2 Nf6 7. O-O d4 8. Nd1 Bd6 9. Nc4 Bc7 10. d3 b5 11. Nd2 Nbd7 12. f4 e5 13. f5 Qe7 14. Nf3 h6 15. a4 b4 16. b3 O-O-O 17. a5 c5 18. Nb2 Nb8 19. Nc4 Nc6 20. a6 Ne8 21. Bd2 Nd6 22. Nxd6+ Bxd6 23. Be1 Qc7 24. Nd2 Be7 25. Nc4 Rhg8 26. Qd1 Qd7 27. Qh5 Bg5 28. Bd2 Bxd2 29. Nxd2 Qe7 30. f6 Qe6 31. fxg7 Rxg7 32. Rf2 Rdg8 33. Nc4 Rg5 34. Qf3 Qg6 35. g3 Rg7 36. Kf1 h5 37. Ke2 Qe6 38. Raf1 Nb8 39. Qg2 Nd7 40. Rxf7 Qg4+ 41. Kd2 h4 42. Rxg7 Rxg7 43. Qf3 Qg5+ 44. Ke2 hxg3 45. hxg3 Qxg3 46. Qxg3 Rxg3 47. Kf2 Rg6 48. Rh1 Rxa6 49. Rh7 Rf6+ 50. Kg3 Rf1 51. Rh6 Kc7 52. Ra6 Kb7 53. Rd6 Rf7 54. Kg4 Rg7+ 55. Kf5 Kc7 56. Ra6 Rg2 57. Rxa7+ Kd8 58. Ke6 Rg6+ 59. Kf5 Rf6+ 60. Kg5 Rf2 61. Nd6 Rxc2 62. Kf5 Rf2+ 63. Ke6 Rf6+ 64. Kd5 Nb6+ 65. Kxe5 Rxd6 66. Kxd6 Nc8+ 67. Kxc5 Nxa7 68. Kxd4 Kc7 69. Kc5 Nc6 70. d4 Kd7 71. d5 Ne5 72. Kxb4 Kd6 73. Kb5 Nd3 74. Kc4 Nf2 75. Kd4 Ng4 76. b4 Ne5 77. b5 Nd7 78. Kc4 Nb6+ 79. Kd4 Nd7 80. Ke3 Ke5 81. Kd3 Nb6 82. Ke3 Nc4+ 83. Kd3 Nb6 1/2-1/2

[Event "FIDE World Blitz-ch Women 2018"]
[Site "St. Petersburg"]
[Date "2018.12.30"]
[Round "12.38"]
[White "Afonasieva, Anna"]
[Black "Shvayger, Yuliya"]
[Result "1/2-1/2"]
[WhiteElo "2207"]
[BlackElo "2393"]
[Annotator "NA"]
[PlyCount "117"]
[EventDate "2018.12.19"]
[EventType "swiss"]
[EventCountry "RUS"]
[SourceTitle "playchess.com"]
[Source "ChessBase"]
[SourceQuality "1"]

1. d4 Nf6 2. Nf3 g6 3. c4 Bg7 4. g3 d6 5. Bg2 O-O 6. O-O Nc6 7. Nc3 a6 8. h3 Rb8 9. a4 e5 10. d5 Ne7 11. e4 a5 12. Be3 Nd7 13. Ne1 b6 14. Nd3 Nc5 15. Kh2 f5 16. f3 f4 17. gxf4 exf4 18. Bf2 g5 19. Kg1 Ng6 20. Qe2 Bd7 21. Rad1 Nxa4 22. Nxa4 Bxa4 23. Rde1 Bd7 24. Nc1 Qc8 25. Kh2 b5 26. c5 c6 27. cxd6 cxd5 28. exd5 Qa6 29. Nb3 Qxd6 30. Bc5 Qxd5 31. Bxf8 Rxf8 32. Rd1 Qf5 33. Nd4 Qf7 34. Nxb5 Nh4 35. Nd6 Qg6 36. Ne4 Bf5 37. Rd6 Qh5 38. Rfd1 h6 39. Rd8 Nxg2 40. Qxg2 Rxd8 41. Rxd8+ Kh7 42. Rd2 Kg8 43. Nd6 Be6 44. Ne4 Be5 45. Nc5 Bf7 46. Qe2 Bf6 47. Ne4 Bg7 48. Rd8+ Kh7 49. Rd6 Qh4 50. Qc2 Bg6 51. Qg2 Bxe4 52. fxe4 f3 53. Qxf3 Be5+ 54. Kg2 Bxd6 55. Qf7+ Kh8 56. Qf6+ Kg8 57. Qe6+ Kg7 58. Qd7+ Kg6 59. Qxd6+ 1/2-1/2

[Event "FIDE World Blitz-ch Women 2018"]
[Site "St. Petersburg"]
[Date "2018.12.30"]
[Round "12.39"]
[White "Lelekova, Olga"]
[Black "Protopopova, Anastasiya"]
[Result "0-1"]
[WhiteElo "2261"]
[BlackElo "2304"]
[Annotator "NA"]
[PlyCount "132"]
[EventDate "2018.12.19"]
[EventType "swiss"]
[EventCountry "RUS"]
[SourceTitle "playchess.com"]
[Source "ChessBase"]
[SourceQuality "1"]

1. e4 c6 2. c4 d5 3. exd5 cxd5 4. cxd5 Nf6 5. Qa4+ Nbd7 6. Nc3 g6 7. Bc4 Bg7 8. Nf3 O-O 9. O-O a6 10. Qa3 Rb8 11. Bb3 b5 12. Qb4 a5 13. Qf4 a4 14. Bc2 Ba6 15. Nd4 b4 16. Nc6 Qe8 17. Nxb8 Nxb8 18. Bxa4 Qd8 19. Qxb4 Bxf1 20. Kxf1 Nxd5 21. Qb5 Nf4 22. g3 Nd3 23. Qd5 Qxd5 24. Nxd5 e6 25. Nc3 Na6 26. a3 Nac5 27. Bc2 Rd8 28. Ke2 Ne5 29. b4 Nb7 30. Rb1 Nd6 31. b5 Nec4 32. b6 Rb8 33. Na4 Bd4 34. d3 Nxb6 35. Bf4 e5 36. Be3 Bxe3 37. Kxe3 Nd5+ 38. Kd2 Rc8 39. Bb3 Nf6 40. Nc3 Ng4 41. f3 Nxh2 42. Bd5 Nf5 43. Rh1 Nd4 44. Rxh2 Rb8 45. Ke3 Kg7 46. Bc4 f5 47. f4 Kf6 48. fxe5+ Kxe5 49. Rxh7 Nc2+ 50. Kd2 Nxa3 51. Re7+ Kf6 52. Re6+ Kg5 53. Ra6 Rb2+ 54. Kc1 Rc2+ 55. Kd1 Rxc3 56. Kd2 Nb1+ 57. Ke3 Rc1 58. Bf7 Kg4 59. Rxg6+ Kh3 60. Be6 Re1+ 61. Kf2 Re5 62. d4 Ra5 63. d5 Ra2+ 64. Ke1 Nc3 65. Bxf5+ Kg2 66. d6 Re2# 0-1

[Event "FIDE World Blitz-ch Women 2018"]
[Site "St. Petersburg"]
[Date "2018.12.30"]
[Round "12.40"]
[White "Savina, Anastasia"]
[Black "Tsatsalashvili, Keti"]
[Result "0-1"]
[WhiteElo "2334"]
[BlackElo "2303"]
[Annotator "NA"]
[PlyCount "54"]
[EventDate "2018.12.19"]
[EventType "swiss"]
[EventCountry "RUS"]
[SourceTitle "playchess.com"]
[Source "ChessBase"]
[SourceQuality "1"]

1. Nf3 Nf6 2. c4 e6 3. Nc3 b6 4. e4 c5 5. e5 Ng8 6. g3 Bb7 7. Bg2 d6 8. exd6 Bxd6 9. O-O Nf6 10. d4 cxd4 11. Qxd4 Bc5 12. Qxd8+ Kxd8 13. Bf4 Ke7 14. Nb5 Nbd7 15. Rad1 a6 16. Nd6 Bc6 17. a3 Nh5 18. b4 Nxf4 19. bxc5 Nxg2 20. Nd4 Ba4 21. Kxg2 bxc5 22. N4f5+ exf5 23. Nxf5+ Kf6 24. Rd6+ Kxf5 25. f3 f6 26. h4 Kg6 27. Re1 Kf7 0-1

[Event "FIDE World Blitz-ch Women 2018"]
[Site "St. Petersburg"]
[Date "2018.12.30"]
[Round "12.41"]
[White "Maltsevskaya, Aleksandra"]
[Black "Lysenko, Margarita"]
[Result "1-0"]
[WhiteElo "2243"]
[BlackElo "2190"]
[Annotator "NA"]
[PlyCount "93"]
[EventDate "2018.12.19"]
[EventType "swiss"]
[EventCountry "RUS"]
[SourceTitle "playchess.com"]
[Source "ChessBase"]
[SourceQuality "1"]

1. e4 Nf6 2. e5 Nd5 3. d4 d6 4. c4 Nb6 5. exd6 cxd6 6. Nc3 g6 7. Be3 Bg7 8. Rc1 O-O 9. b3 Bf5 10. Nf3 Bg4 11. Be2 d5 12. c5 Nc8 13. O-O Nc6 14. a3 a5 15. Rb1 e6 16. b4 axb4 17. axb4 N8e7 18. b5 Na5 19. Nd2 Bxe2 20. Nxe2 Nc4 21. Nxc4 dxc4 22. Qc2 Qd5 23. Nf4 Qd7 24. Qxc4 Nf5 25. Rfd1 Rfd8 26. h3 Qc7 27. d5 Nxe3 28. fxe3 exd5 29. Rxd5 Qe7 30. e4 Rdc8 31. Rf1 Bh6 32. Nd3 Rf8 33. c6 bxc6 34. bxc6 Rac8 35. Kh1 Qe6 36. c7 Qe7 37. Rc5 Be3 38. Rc6 Bh6 39. e5 Bg7 40. e6 Kh8 41. exf7 Qe2 42. Re1 Qd2 43. Re8 Qd1+ 44. Kh2 Rfxe8 45. fxe8=Q+ Rxe8 46. c8=Q Be5+ 47. Nxe5 1-0

[Event "FIDE World Blitz-ch Women 2018"]
[Site "St. Petersburg"]
[Date "2018.12.30"]
[Round "12.42"]
[White "Garcia Martin, Marta"]
[Black "Berend, Elvira"]
[Result "1-0"]
[WhiteElo "2301"]
[BlackElo "2332"]
[Annotator "NA"]
[PlyCount "67"]
[EventDate "2018.12.19"]
[EventType "swiss"]
[EventCountry "RUS"]
[SourceTitle "playchess.com"]
[Source "ChessBase"]
[SourceQuality "1"]

1. e4 c5 2. Nf3 e6 3. c3 d5 4. exd5 exd5 5. Bb5+ Bd7 6. Bxd7+ Nxd7 7. O-O Be7 8. Re1 Ngf6 9. Qe2 Kf8 10. d4 Bd6 11. Be3 Qc7 12. h3 Re8 13. Qd1 c4 14. Nbd2 h6 15. b3 cxb3 16. Qxb3 g6 17. c4 Kg7 18. Rac1 dxc4 19. Nxc4 Qb8 20. Nxd6 Qxd6 21. Qxb7 Qa3 22. Rc7 Rb8 23. Qxa7 Ra8 24. Qxa3 Rxa3 25. d5 Re8 26. Rb1 Rd3 27. Bd4 Kg8 28. Rbb7 Rf8 29. Rxd7 Nxd7 30. Rxd7 Rd1+ 31. Kh2 Ra8 32. d6 Ra4 33. Rd8+ Kh7 34. Rh8# 1-0

[Event "FIDE World Blitz-ch Women 2018"]
[Site "St. Petersburg"]
[Date "2018.12.30"]
[Round "12.43"]
[White "Fominykh, Maria"]
[Black "Strutinskaia, Galina"]
[Result "1-0"]
[WhiteElo "2259"]
[BlackElo "2201"]
[Annotator "NA"]
[PlyCount "109"]
[EventDate "2018.12.19"]
[EventType "swiss"]
[EventCountry "RUS"]
[SourceTitle "playchess.com"]
[Source "ChessBase"]
[SourceQuality "1"]

1. Nf3 d5 2. b3 Bg4 3. Ne5 Bf5 4. Bb2 c6 5. d3 f6 6. Nf3 e5 7. g3 Bb4+ 8. c3 Bd6 9. Bg2 Ne7 10. O-O a5 11. Nbd2 O-O 12. e4 Be6 13. d4 Nd7 14. c4 a4 15. Qe2 dxe4 16. Nxe4 Bc7 17. dxe5 fxe5 18. Nfg5 Bf5 19. g4 Bg6 20. Ne6 Qc8 21. Nxf8 Nxf8 22. Ng3 Nd7 23. Ba3 Qe8 24. Be4 Qf7 25. Bxe7 Qxe7 26. Bxg6 hxg6 27. Qe4 Qf7 28. Rad1 Nf6 29. Qf3 Qe6 30. g5 Nd7 31. Ne4 Rf8 32. Qd3 Rf7 33. f3 Qh3 34. c5 Nf8 35. Qe2 Rf4 36. Qg2 Qe6 37. bxa4 Ba5 38. Rd3 Qc4 39. Rfd1 Qxa4 40. Qe2 Qc4 41. Re3 Qe6 42. Qc2 Qh3 43. Qg2 Qe6 44. Qc2 Qh3 45. Qg2 Qf5 46. Qc2 Kh7 47. Qg2 Ne6 48. Nd6 Qf8 49. Nxb7 Bc7 50. Rd7 Rb4 51. Rb3 Rxb3 52. axb3 Bb8 53. Qh3+ Kg8 54. Qxe6+ Kh8 55. Rd8 1-0

[Event "FIDE World Blitz-ch Women 2018"]
[Site "St. Petersburg"]
[Date "2018.12.30"]
[Round "12.44"]
[White "Dordzhieva, Dinara"]
[Black "Styazhkina, Anna"]
[Result "1-0"]
[WhiteElo "2340"]
[BlackElo "2274"]
[Annotator "NA"]
[PlyCount "81"]
[EventDate "2018.12.19"]
[EventType "swiss"]
[EventCountry "RUS"]
[SourceTitle "playchess.com"]
[Source "ChessBase"]
[SourceQuality "1"]

1. Nf3 d5 2. g3 c6 3. Bg2 Bg4 4. c4 Nf6 5. Ne5 Bf5 6. cxd5 cxd5 7. O-O e6 8. Qb3 Nc6 9. Qa4 Qa5 10. Qxa5 Nxa5 11. d3 Bd6 12. Nf3 Nc6 13. Nc3 a6 14. Bd2 O-O 15. Rfe1 d4 16. Nd1 h6 17. e4 dxe3 18. Nxe3 Bxd3 19. Bc3 Be7 20. Rad1 Rfd8 21. Ne5 Be4 22. Nxc6 Bxc6 23. Bxc6 bxc6 24. Nc4 Nd5 25. Ba5 Rdc8 26. Rc1 c5 27. Rcd1 Bf6 28. Nd6 Rc6 29. Nc4 Rb8 30. b3 Bc3 31. Bxc3 Nxc3 32. Rd7 f6 33. Nd6 Nd5 34. Rxe6 Rbb6 35. Re8+ Kh7 36. Nf5 Rc7 37. Rxd5 g6 38. Ne3 f5 39. h4 a5 40. Rde5 a4 41. Nd5 1-0

[Event "FIDE World Blitz-ch Women 2018"]
[Site "St. Petersburg"]
[Date "2018.12.30"]
[Round "12.45"]
[White "Makarenko, Alexandra"]
[Black "Khomeriki, Nino"]
[Result "0-1"]
[WhiteElo "2228"]
[BlackElo "2347"]
[Annotator "NA"]
[PlyCount "104"]
[EventDate "2018.12.19"]
[EventType "swiss"]
[EventCountry "RUS"]
[SourceTitle "playchess.com"]
[Source "ChessBase"]
[SourceQuality "1"]

1. e4 e5 2. Nf3 Nc6 3. Bb5 a6 4. Ba4 Nf6 5. O-O Be7 6. Re1 b5 7. Bb3 d6 8. a4 b4 9. d3 Na5 10. Nbd2 Nxb3 11. cxb3 O-O 12. Nc4 Bg4 13. h3 Bxf3 14. Qxf3 Nd7 15. Be3 Bg5 16. d4 exd4 17. Bxd4 Bf6 18. Bxf6 Qxf6 19. Qxf6 gxf6 20. Re3 Rfe8 21. Rg3+ Kf8 22. f3 Nc5 23. Ne3 Nxb3 24. Rd1 Re6 25. Nf5 Re5 26. h4 Nc5 27. h5 Nxa4 28. h6 Nxb2 29. Rb1 Nd3 30. Rg7 Rxf5 31. exf5 c5 32. Rxh7 Ke7 33. Rg7 c4 34. Kf1 c3 35. Ke2 c2 36. Rh1 c1=Q 37. Rxc1 Nxc1+ 38. Kd2 Nb3+ 39. Kc2 Nd4+ 40. Kb2 Nxf5 41. Rg4 a5 42. h7 Rh8 43. Re4+ Kd7 44. g4 Ne7 45. Rf4 Rxh7 46. Rxf6 a4 47. Rf4 Rh2+ 48. Kb1 Nd5 49. Rxf7+ Kc6 50. g5 b3 51. Rf8 Nc3+ 52. Kc1 Rc2# 0-1

[Event "FIDE World Blitz-ch Women 2018"]
[Site "St. Petersburg"]
[Date "2018.12.30"]
[Round "12.46"]
[White "Nguyen, Thi Mai Hung"]
[Black "Ovod, Evgenija"]
[Result "1-0"]
[WhiteElo "2280"]
[BlackElo "2367"]
[Annotator "NA"]
[PlyCount "109"]
[EventDate "2018.12.19"]
[EventType "swiss"]
[EventCountry "RUS"]
[SourceTitle "playchess.com"]
[Source "ChessBase"]
[SourceQuality "1"]

1. d4 d5 2. c4 e6 3. Nc3 Nf6 4. Nf3 c5 5. cxd5 Nxd5 6. e4 Nxc3 7. bxc3 cxd4 8. cxd4 Bb4+ 9. Bd2 Bxd2+ 10. Qxd2 O-O 11. Be2 b6 12. O-O Bb7 13. Qe3 Nd7 14. Rfd1 Nf6 15. Bd3 Rc8 16. h3 h6 17. Rac1 Qe7 18. Ne5 Rxc1 19. Rxc1 Rc8 20. f3 Qa3 21. Rxc8+ Bxc8 22. Qd2 Ba6 23. Bxa6 Qxa6 24. Qc2 Qb7 25. Qc6 Qxc6 26. Nxc6 a5 27. Kf2 Kf8 28. Ke3 Ke8 29. a4 Kd7 30. Ne5+ Ke7 31. Nc4 Nd7 32. e5 f6 33. f4 fxe5 34. fxe5 g6 35. Kd3 Kd8 36. Nd6 Ke7 37. Kc4 Kd8 38. Nf7+ Ke7 39. Nxh6 Kd8 40. Nf7+ Kc7 41. Ng5 Nf8 42. Kb5 Kb7 43. g3 Kc7 44. g4 Kb7 45. h4 Kc7 46. h5 gxh5 47. gxh5 Kb7 48. h6 Kc7 49. h7 Ng6 50. Nxe6+ Kb7 51. Nf4 Nxf4 52. h8=Q Ne6 53. Qh7+ Nc7+ 54. Kc4 Ka6 55. Qxc7 1-0

[Event "FIDE World Blitz-ch Women 2018"]
[Site "St. Petersburg"]
[Date "2018.12.30"]
[Round "12.47"]
[White "Kabanova, Ekaterina"]
[Black "Sudakova, Irina"]
[Result "1-0"]
[WhiteElo "2095"]
[BlackElo "2313"]
[Annotator "NA"]
[PlyCount "115"]
[EventDate "2018.12.19"]
[EventType "swiss"]
[EventCountry "RUS"]
[SourceTitle "playchess.com"]
[Source "ChessBase"]
[SourceQuality "1"]

1. c4 e6 2. Nf3 d5 3. e3 Nf6 4. a3 c5 5. Qc2 Nc6 6. d3 Be7 7. Nbd2 O-O 8. Be2 e5 9. cxd5 Nxd5 10. b3 Be6 11. Bb2 f6 12. Rc1 Rc8 13. O-O b5 14. Rfe1 Qb6 15. Ne4 Na5 16. Ned2 Rc7 17. h3 Rfc8 18. Nh2 Nb7 19. Qb1 a5 20. Bd1 Nd6 21. Bc2 h6 22. Nhf3 Bf7 23. d4 cxd4 24. exd4 exd4 25. Bxd4 Qb7 26. Bh7+ Kh8 27. Rxc7 Qxc7 28. Nh4 Nf4 29. Be3 Nd5 30. Bd4 Bf8 31. Ng6+ Bxg6 32. Bxg6 Nf4 33. Nf3 Nxg6 34. Qxg6 Qf7 35. Qg4 f5 36. Qh4 Kg8 37. Ne5 Qe6 38. Nf3 Qd5 39. Qh5 Ne4 40. Qg6 Qf7 41. Qa6 Rb8 42. Qxa5 Qxb3 43. Qc7 Ra8 44. Ne5 Qxa3 45. Qf7+ Kh8 46. Ng6+ Kh7 47. Qxf5 Qb4 48. Qxe4 Kg8 49. Nxf8 Rxf8 50. Qd5+ Kh7 51. Re6 Qb1+ 52. Kh2 b4 53. Re7 Rg8 54. Qe5 Qg6 55. f4 b3 56. f5 Qg5 57. f6 h5 58. Qxg5 1-0

[Event "FIDE World Blitz-ch Women 2018"]
[Site "St. Petersburg"]
[Date "2018.12.30"]
[Round "12.48"]
[White "Bulatova, Kamaliya"]
[Black "Bezgodova, Svetlana"]
[Result "0-1"]
[WhiteElo "2007"]
[BlackElo "2046"]
[Annotator "NA"]
[PlyCount "75"]
[EventDate "2018.12.19"]
[EventType "swiss"]
[EventCountry "RUS"]
[SourceTitle "playchess.com"]
[Source "ChessBase"]
[SourceQuality "1"]

1. d4 Nf6 2. Bf4 d6 3. e3 Nbd7 4. Nd2 g6 5. h3 Bg7 6. Ngf3 O-O 7. Bh2 b6 8. Be2 Bb7 9. O-O c5 10. c3 a6 11. a4 Rc8 12. Qb3 Rc7 13. Nc4 Bd5 14. Qd1 cxd4 15. Nxd6 dxc3 16. Nxf7 Bxf7 17. Bxc7 Qxc7 18. bxc3 a5 19. c4 Nc5 20. Ng5 Nfe4 21. Nxf7 Rxf7 22. Rb1 Nc3 23. Qe1 Nxb1 24. Qxb1 Nxa4 25. Bf3 e6 26. Qb5 Nc3 27. Qe8+ Rf8 28. Qxe6+ Kh8 29. Bg4 a4 30. f4 a3 31. f5 gxf5 32. Rxf5 Rxf5 33. Bxf5 Qd8 34. Bxh7 a2 35. Bc2 a1=Q+ 36. Kh2 Qc7+ 37. g3 Qe1 38. Qe8+ 0-1

[Event "FIDE World Blitz-ch Women 2018"]
[Site "St. Petersburg"]
[Date "2018.12.30"]
[Round "12.49"]
[White "Gromova, Iulia"]
[Black "Borisova, Ekaterina"]
[Result "1-0"]
[WhiteElo "2241"]
[BlackElo "2244"]
[Annotator "NA"]
[PlyCount "60"]
[EventDate "2018.12.19"]
[EventType "swiss"]
[EventCountry "RUS"]
[SourceTitle "playchess.com"]
[Source "ChessBase"]
[SourceQuality "1"]

1. d4 d5 2. c4 c6 3. Nf3 Nf6 4. e3 Bg4 5. Bd3 Nbd7 6. O-O e6 7. Nbd2 Be7 8. b3 O-O 9. Bb2 Rc8 10. Qc2 c5 11. h3 Bh5 12. Ne5 cxd4 13. exd4 Bg6 14. Nxg6 hxg6 15. Rac1 Bd6 16. Nf3 Nh5 17. Rfe1 Nf4 18. Bf1 Bb4 19. Red1 Qf6 20. a3 Ba5 21. b4 Bc7 22. c5 Nxh3+ 23. gxh3 Qxf3 24. Bg2 Qf4 25. Qe2 Nf6 26. Rc3 Ne4 27. Rf3 Qh4 28. Bc1 Qe7 29. Re3 f5 30. Bxe4 dxe4 1-0

[Event "FIDE World Blitz-ch Women 2018"]
[Site "St. Petersburg"]
[Date "2018.12.30"]
[Round "12.50"]
[White "Shaydullina, Sandugach"]
[Black "Gvanceladze, Anna"]
[Result "0-1"]
[WhiteElo "2033"]
[BlackElo "2264"]
[Annotator "NA"]
[PlyCount "117"]
[EventDate "2018.12.19"]
[EventType "swiss"]
[EventCountry "RUS"]
[SourceTitle "playchess.com"]
[Source "ChessBase"]
[SourceQuality "1"]

1. Nf3 d5 2. c4 c6 3. e3 Nf6 4. Nc3 g6 5. d4 Bg7 6. h3 O-O 7. Bd3 Nbd7 8. O-O e6 9. b3 b6 10. Bb2 Bb7 11. Qe2 Rc8 12. Rad1 Qc7 13. Ne5 Rfd8 14. f4 Qb8 15. e4 dxe4 16. Nxe4 Nxe4 17. Bxe4 Nf6 18. Bf3 c5 19. dxc5 bxc5 20. Ba3 Bxf3 21. Qxf3 Qc7 22. b4 cxb4 23. Bb2 a5 24. Kh2 h5 25. Bd4 Rd6 26. c5 Rd5 27. Be3 Rcd8 28. Rc1 h4 29. Nc4 Nh5 30. c6 Bd4 31. Qe4 Bxe3 32. Qxe3 Rd3 33. Qb6 Rc8 34. Qxc7 Rxc7 35. Nxa5 Ra3 36. Nc4 Rxa2 37. Nd6 Ra6 38. Nb5 Rcxc6 39. Rb1 Ra4 40. Nd4 Rc4 41. Ne2 Ra2 42. Nc1 Rac2 43. Nd3 Ng3 44. Rfd1 R2c3 45. Nxb4 Rxf4 46. Nd3 Rd4 47. Ne5 Rxd1 48. Rxd1 Rc7 49. Nf3 Nf5 50. Rd8+ Kg7 51. Rd2 Re7 52. Rd1 f6 53. Rb1 g5 54. Rb5 Ng3 55. Rb1 e5 56. Nd4 e4 57. Rb2 Kg6 58. Ne6 Rd7 59. Nf8+ 0-1

[Event "FIDE World Blitz-ch Women 2018"]
[Site "St. Petersburg"]
[Date "2018.12.30"]
[Round "12.51"]
[White "Petrova, Irina"]
[Black "Molchanova, Tatjana"]
[Result "1-0"]
[WhiteElo "2124"]
[BlackElo "2245"]
[Annotator "NA"]
[PlyCount "111"]
[EventDate "2018.12.19"]
[EventType "swiss"]
[EventCountry "RUS"]
[SourceTitle "playchess.com"]
[Source "ChessBase"]
[SourceQuality "1"]

1. d4 Nf6 2. Bg5 e6 3. e4 Be7 4. e5 Nd5 5. Bd2 d6 6. c4 Nb6 7. Nf3 dxe5 8. dxe5 Bd7 9. Nc3 Bc6 10. Be2 Na6 11. a3 Nc5 12. Qc2 Nba4 13. b4 Nxc3 14. Bxc3 Be4 15. Qb2 Nd3+ 16. Bxd3 Qxd3 17. Rd1 Qxc4 18. Rd4 Qc6 19. b5 Qc5 20. Rxe4 Qxa3 21. O-O Qxb2 22. Bxb2 O-O-O 23. Ra4 Kb8 24. Bd4 b6 25. Rfa1 a5 26. bxa6 Ka7 27. Rc4 c5 28. Be3 Rd5 29. Rcc1 Rhd8 30. g3 f6 31. exf6 Bxf6 32. Ra2 Rd1+ 33. Rxd1 Rxd1+ 34. Kg2 c4 35. Bxb6+ Kxb6 36. a7 Rd8 37. a8=Q Rxa8 38. Rxa8 c3 39. Ne1 Kc5 40. Kf3 Kc4 41. Ke2 Kb3 42. Rb8+ Kc4 43. Nc2 Be5 44. Rc8+ Kb3 45. Kd3 g5 46. Rc5 Bf6 47. Rb5+ Ka4 48. Rb7 h5 49. Kc4 Ka5 50. Rb3 h4 51. gxh4 gxh4 52. h3 Be5 53. f3 Bf6 54. Nd4 Bxd4 55. Kxd4 c2 56. Rc3 1-0

[Event "FIDE World Blitz-ch Women 2018"]
[Site "St. Petersburg"]
[Date "2018.12.30"]
[Round "12.52"]
[White "Guseva, Marina"]
[Black "Vasilevich, Irina"]
[Result "1-0"]
[WhiteElo "2408"]
[BlackElo "2258"]
[Annotator "NA"]
[PlyCount "71"]
[EventDate "2018.12.19"]
[EventType "swiss"]
[EventCountry "RUS"]
[SourceTitle "playchess.com"]
[Source "ChessBase"]
[SourceQuality "1"]

1. d4 e6 2. c4 Bb4+ 3. Bd2 Qe7 4. e4 Nf6 5. Bd3 Bxd2+ 6. Qxd2 d6 7. Nc3 e5 8. Nge2 O-O 9. O-O Nc6 10. d5 Nb8 11. b4 Nh5 12. Rac1 f5 13. exf5 Bxf5 14. Bxf5 Rxf5 15. Ng3 Nxg3 16. hxg3 Nd7 17. Rfe1 a5 18. a3 axb4 19. axb4 Qf7 20. g4 Rf4 21. Qe2 Ra3 22. Nb5 Ra4 23. Nxc7 Rxb4 24. Ne6 Rf6 25. g5 Rf5 26. Ra1 h6 27. gxh6 gxh6 28. Qd2 Rxc4 29. Qxh6 Rc8 30. Re3 Qf6 31. Rg3+ Kf7 32. Qh7+ Ke8 33. Rg8+ Nf8 34. Rxf8+ Qxf8 35. Nxf8 Rxf8 36. Qxb7 1-0

[Event "FIDE World Blitz-ch Women 2018"]
[Site "St. Petersburg"]
[Date "2018.12.30"]
[Round "12.53"]
[White "Geller, Anastasiya"]
[Black "Kirchei, Viktoriia"]
[Result "1-0"]
[WhiteElo "2187"]
[BlackElo "1972"]
[Annotator "NA"]
[PlyCount "95"]
[EventDate "2018.12.19"]
[EventType "swiss"]
[EventCountry "RUS"]
[SourceTitle "playchess.com"]
[Source "ChessBase"]
[SourceQuality "1"]

1. Nf3 d5 2. g3 c6 3. Bg2 Nf6 4. c4 Bg4 5. Ne5 Be6 6. cxd5 Bxd5 7. Nf3 e5 8. Nc3 Nbd7 9. d3 Bc5 10. O-O O-O 11. a3 Re8 12. h3 Qc7 13. Nxd5 cxd5 14. d4 exd4 15. b4 Bb6 16. Bb2 d3 17. Qxd3 Qxg3 18. Bd4 Bxd4 19. Qxd4 Qd6 20. e3 Nb6 21. Rfd1 Rad8 22. Rd3 Re4 23. Qc3 Rc4 24. Qb3 Rdc8 25. Rad1 Rc1 26. a4 Rxd1+ 27. Rxd1 Nc4 28. Nd4 Rd8 29. Nb5 Qb6 30. Nd4 Qc7 31. b5 Qe5 32. Nf3 Qf5 33. Qxc4 Qd7 34. Qb4 Qe6 35. a5 Ne4 36. b6 axb6 37. Qxb6 Qe7 38. a6 bxa6 39. Qxa6 h6 40. Nd4 Qh4 41. Qe2 Rd6 42. Nf5 Qg5 43. Nxd6 Nxd6 44. Rxd5 Qf6 45. Qd3 Ne8 46. Rd8 Qa1+ 47. Bf1 Kf8 48. Qd6+ 1-0

[Event "FIDE World Blitz-ch Women 2018"]
[Site "St. Petersburg"]
[Date "2018.12.30"]
[Round "12.54"]
[White "Goltseva, Ekaterina"]
[Black "Maroroa, Sue"]
[Result "1-0"]
[WhiteElo "2153"]
[BlackElo "2120"]
[Annotator "NA"]
[PlyCount "37"]
[EventDate "2018.12.19"]
[EventType "swiss"]
[EventCountry "RUS"]
[SourceTitle "playchess.com"]
[Source "ChessBase"]
[SourceQuality "1"]

1. d4 Nf6 2. c4 g6 3. Nc3 Bg7 4. e4 d6 5. Be2 O-O 6. Bg5 c5 7. dxc5 dxc5 8. Nf3 Nc6 9. O-O Nd4 10. e5 Nxe2+ 11. Qxe2 Nh5 12. Rfd1 Qa5 13. Bxe7 Re8 14. Bd6 Bg4 15. Nd5 Kh8 16. Nc7 Rac8 17. Nxe8 Rxe8 18. h3 Bc8 19. Qe3 1-0

[Event "FIDE World Blitz-ch Women 2018"]
[Site "St. Petersburg"]
[Date "2018.12.30"]
[Round "12.55"]
[White "Diakonova, Ekaterina"]
[Black "Smirnova, Ekaterina"]
[Result "1-0"]
[WhiteElo "2225"]
[BlackElo "2192"]
[Annotator "NA"]
[PlyCount "141"]
[EventDate "2018.12.19"]
[EventType "swiss"]
[EventCountry "RUS"]
[SourceTitle "playchess.com"]
[Source "ChessBase"]
[SourceQuality "1"]

1. e4 e6 2. d4 d5 3. Nc3 Bb4 4. a3 Bxc3+ 5. bxc3 dxe4 6. Qg4 Nf6 7. Qxg7 Rg8 8. Qh6 Nbd7 9. Ne2 b6 10. Ng3 Bb7 11. a4 a5 12. Qd2 h5 13. h4 Nf8 14. Bb5+ c6 15. Be2 Ng6 16. Nxh5 Nd5 17. c4 Nf6 18. Ng3 Qc7 19. h5 Ne7 20. Qf4 Qxf4 21. Bxf4 O-O-O 22. O-O-O c5 23. c3 Nc6 24. Be3 Ng4 25. Nxe4 Nxe3 26. fxe3 cxd4 27. cxd4 Rxg2 28. Bf3 Ra2 29. Nc3 Ra1+ 30. Kb2 Rxd1 31. Rxd1 Ne7 32. Bxb7+ Kxb7 33. e4 Rh8 34. Rh1 Kc6 35. Kc2 Ng8 36. Kd3 Nf6 37. h6 Ng4 38. d5+ exd5 39. cxd5+ Kd7 40. Rf1 Nxh6 41. Kd4 Rg8 42. Nb5 Rg6 43. Rc1 f6 44. Rc7+ Kd8 45. Rc6 Nf7 46. Rxb6 Ne5 47. Ra6 Nf3+ 48. Ke3 Ne5 49. Kd4 Nf3+ 50. Kc4 Ne5+ 51. Kc5 Nd7+ 52. Kd4 Ne5 53. Rxa5 Rg1 54. Ra8+ Kd7 55. Ra7+ Kd8 56. Kc5 Rc1+ 57. Kd6 Nc4+ 58. Ke6 Nb6 59. a5 Nc8 60. Rd7+ Ke8 61. Nc7+ Kf8 62. Rd8+ Kg7 63. Rxc8 f5 64. Ne8+ Kg6 65. Rxc1 fxe4 66. Re1 Kh7 67. Rxe4 Kg8 68. Nf6+ Kf8 69. Ng4 Ke8 70. d6 Kd8 71. Rc4 1-0

[Event "FIDE World Blitz-ch Women 2018"]
[Site "St. Petersburg"]
[Date "2018.12.30"]
[Round "12.56"]
[White "Tevzadze, Mariam"]
[Black "Romanovskaya, Anna"]
[Result "0-1"]
[WhiteElo "1967"]
[BlackElo "2210"]
[Annotator "NA"]
[PlyCount "118"]
[EventDate "2018.12.19"]
[EventType "swiss"]
[EventCountry "RUS"]
[SourceTitle "playchess.com"]
[Source "ChessBase"]
[SourceQuality "1"]

1. d4 g6 2. c4 Bg7 3. f3 d6 4. e4 e5 5. d5 Nd7 6. Be3 f5 7. Nc3 Ngf6 8. Qd2 O-O 9. exf5 gxf5 10. Bh6 Nc5 11. b4 Na6 12. a3 c6 13. Bxg7 Kxg7 14. Nh3 cxd5 15. Nxd5 Nxd5 16. Qxd5 Nc7 17. Qd2 Be6 18. Be2 Qh4+ 19. Nf2 d5 20. cxd5 Nxd5 21. g3 Qf6 22. O-O Rfd8 23. Qb2 Ne3 24. Rfe1 Rac8 25. Bd3 f4 26. Ne4 Qf5 27. Nc5 Rxd3 28. Nxd3 Qxd3 29. Qxe5+ Kf7 30. Qxf4+ Nf5 31. g4 Qd4+ 32. Qxd4 Nxd4 33. Re3 Nc2 34. Rxe6 Kxe6 35. Rc1 Rc4 36. Kf2 Nxa3 37. Re1+ Kf6 38. h4 Rxb4 39. Ra1 Rb3 40. Rd1 a5 41. g5+ Kg6 42. Rd6+ Kf5 43. Rd5+ Kf4 44. Rd4+ Ke5 45. Re4+ Kf5 46. Kg3 b5 47. Re7 Nc4 48. Rf7+ Kg6 49. Rf6+ Kg7 50. h5 a4 51. h6+ Kg8 52. Ra6 a3 53. Ra8+ Kf7 54. Ra7+ Kg6 55. Rg7+ Kf5 56. Rxh7 a2 57. Ra7 Ra3 58. Rb7 a1=Q 59. Rxb5+ Kg6 0-1